Macroeconomics

Guardat en:
Dades bibliogràfiques
Autor principal: Mankiw, N. Gregory
Format: Llibre
Publicat: Pearson
Etiquetes: Afegir etiqueta
Sense etiquetes, Sigues el primer a etiquetar aquest registre!

MARC

LEADER 00000nam a2200000Ia 4500
005 20260515061615.0
100 |a Mankiw, N. Gregory 
020 |a 9789355739506 
942 |c BK 
245 |a Macroeconomics  
260 |b Pearson 
999 |c 25  |d 25 
952 |0 0  |1 0  |4 0  |7 0  |a ABDN  |b ABDN  |d 2026-05-15  |l 0  |p 000066  |r 2026-05-15 06:16:15  |w 2026-05-15  |y BK